00329nam a2200121Ia 4500008004100000041000800041082001200049100001600061245004400077260004500121300003000166365001100196240624s9999 xx 000 0 und d aeng a920 GUH aCORBETT JIM aILLUSTRATED LIVES IN THE WILDERNESS THE c2009aNew DelhibOxford University press axv, : 315 : p. : cm. ; 23 cRSb32